000 00398nam a2200169Ia 4500
001 29291
003 IN-NITTTR
005 20251114233400.0
008 251113s9999||||xx |||||||||||||| ||eng||
040 _beng
040 _cIN-NITTTR
041 _aeng
082 _a411 V59I
100 _aVerma, I. B.
245 0 _aInternational encyclopedia of abbreviations /
_cVerma, I. B.
942 _2ddc
_cBK
999 _c31919
_d31919